00407 2200157 4500001002100000005001500021035002000036245007000056100003900126250000600165300001200171260003200183082000800215084001400223990001200237INLIS00000000000253520250604121030 a0010-06250001211 aKemuliaan Umat Muhammad /cDr. Muhammad Alawi Al-Maliky Al-Hasany0 aMuhammad Alawi Al-Maliky Al-Hasany a1 a410 hlm bCakrawala Publishing,c2006 a200 a200 MUH k a0712320